[Event "UKR-chT"]
[Site "Alushta"]
[Date "1998.??.??"]
[Round "?"]
[White "Shemeakin, Alexander"]
[Black "Timoshenko, Igor"]
[Result "1-0"]
[WhiteElo "2325"]
[BlackElo "2295"]

1.d4 Nf6 2.c4 g6 3.Nc3 d5 4.cxd5 Nxd5 5.e4 Nxc3 6.bxc3 Bg7 7.Bc4 O-O 8.Ne2 b6
9.O-O Bb7 10.f3 Nc6 11.Ba3 Qd7 12.Rb1 Na5 13.Bb5 c6 14.Bd3 Rfd8 15.f4 c5
16.e5 Qd5 17.Rf2 Qxa2 18.Ra1 Qd5 19.Bxc5 Rd7 20.Bb5 Nc4 21.Qb3 bxc5 22.Bxd7 a6
23.Ng3 Ne3  1-0

[Event "UKR-chT"]
[Site "Alushta"]
[Date "1998.??.??"]
[Round "?"]
[White "Shneider, Aleksandr"]
[Black "Gritsayeva, Oksana"]
[Result "1/2-1/2"]
[WhiteElo "2560"]
[BlackElo "2150"]

1.d4 Nf6 2.c4 g6 3.Nc3 d5 4.cxd5 Nxd5 5.e4 Nxc3 6.bxc3 Bg7 7.Bc4 O-O 8.Ne2 c5
9.O-O Nc6 10.Be3 cxd4 11.cxd4 Bg4 12.f3 Na5 13.Bxf7+ Rxf7 14.fxg4 Rxf1+ 15.Kxf1 Qd7
16.h3 Qe6 17.e5 Rd8 18.Qa4 Nc4 19.Qb3 b5 20.Bf4 g5 21.Bxg5 Bxe5 22.dxe5 Qxe5
23.Rd1 Rxd1+ 24.Qxd1 Qxg5 25.Qd7 Qf6+ 26.Kg1 Qa1+ 27.Kf2 Qf6+ 28.Kg1 Qa1+  1/2-1/2

[Event "BEL-chT 9798"]
[Site "Antwerp"]
[Date "1998.??.??"]
[Round "9"]
[White "Van Beers, Eddy"]
[Black "Wantiez, Fabrice"]
[Result "1-0"]
[WhiteElo "2275"]
[BlackElo "2110"]

1.d4 Nf6 2.c4 g6 3.Nc3 d5 4.cxd5 Nxd5 5.e4 Nxc3 6.bxc3 Bg7 7.Bc4 c5 8.Ne2 Nc6
9.Be3 O-O 10.O-O Qc7 11.Rc1 Rd8 12.Nf4 e6 13.d5 Na5 14.Qa4 Bd7 15.Bb5 e5
16.Nd3 Bxb5 17.Qxb5 b6 18.c4 Nb7 19.f3 Nd6 20.Qb2 f5 21.Bg5 Rf8 22.Qe2 fxe4
23.fxe4 Rxf1+ 24.Kxf1 h6 25.Bh4 b5 26.cxb5 c4 27.Nf2 Qd7 28.a4 a6 29.Rb1 axb5
30.axb5 g5 31.Bg3 Ra5 32.b6 Rb5 33.Qc2 c3 34.Rb3 Nc4 35.Rxc3 Rb1+ 36.Nd1 Qg4
37.Rxc4 Rxd1+ 38.Kf2 Qh5 39.Rc8+ Kh7  1-0

[Event "Bayern-ch Bank Hofmann 2nd"]
[Site "Bad Wiesse"]
[Date "1998.??.??"]
[Round "2"]
[White "Pehlgrim, Andreas"]
[Black "Yandemirov, Valeri"]
[Result "0-1"]
[WhiteElo "2180"]
[BlackElo "2470"]

1.d4 Nf6 2.c4 g6 3.Nc3 d5 4.cxd5 Nxd5 5.e4 Nxc3 6.bxc3 Bg7 7.Rb1 O-O 8.Be2 c5
9.Nf3 Nc6 10.d5 Ne5 11.O-O Nxf3+ 12.Bxf3 Bxc3 13.Bf4 e5 14.dxe6 Bxe6 15.Bd6 Qa5
16.e5 Rad8 17.Qe2 b6 18.Be7 Qxa2 19.Bxf8 Kxf8 20.Qe4 Rd4 21.Qb7 Rd2 22.Rbd1 Rxd1
23.Rxd1 Bd4 24.Rf1 Bxe5 25.g3 Bd4 26.Bc6 Bc4 27.Rd1 Qxf2+ 28.Kh1 Bf1 29.Rxd4 Bg2+
30.Bxg2 Qe1+  0-1

[Event "Regionalliga NO9899"]
[Site "Bayern"]
[Date "1998.??.??"]
[Round "?"]
[White "Schaeffner, Claus"]
[Black "Teslia, Vladimir"]
[Result "1-0"]
[WhiteElo "2125"]
[BlackElo "2225"]

1.d4 Nf6 2.c4 g6 3.Nc3 d5 4.cxd5 Nxd5 5.e4 Nxc3 6.bxc3 Bg7 7.Nf3 c5 8.Rb1 O-O
9.Be2 b6 10.O-O Bb7 11.e5 cxd4 12.cxd4 Bd5 13.Qa4 Nc6 14.Rd1 Qd7 15.Rb5 e6
16.Nd2 Rfd8 17.Nf1 Ne7 18.Qa3 Bc6 19.Rb2 Nd5 20.Be3 Bf8 21.Qa6 Rac8 22.Bg4 Ba4
23.Rd3 Nxe3 24.fxe3 Bc6 25.Rd1 Bd5 26.Nd2 Qb7 27.Qxb7 Bxb7 28.Bf3 Bxf3 29.gxf3 Rc3
30.Kf2 Rd3 31.Rb3 Rc3  1-0

[Event "Regionalliga NO9798"]
[Site "Bayern"]
[Date "1998.??.??"]
[Round "?"]
[White "Meister, Thomas"]
[Black "Herzog, Klaus"]
[Result "1/2-1/2"]
[WhiteElo "2025"]
[BlackElo "2085"]

1.d4 Nf6 2.c4 g6 3.Nc3 d5 4.cxd5 Nxd5 5.e4 Nxc3 6.bxc3 Bg7 7.Bc4 c5 8.Ne2 O-O
9.O-O Qc7 10.Qc2 Nc6 11.Ba3 Na5 12.Bb3 b6 13.Rac1 Ba6 14.dxc5 bxc5 15.c4 Rab8
16.Rfd1 Rfd8 17.Rb1 e6 18.g3 Bb7 19.Ba4 a6 20.Nf4 Bd4 21.Ne2 Bg7 22.Nf4 Rd4
23.Rxd4 Bxd4 24.Qe2 Ba8 25.Bc2 Rxb1+ 26.Bxb1 Qb6 27.Bc2 Bc6 28.Qd3 Nb7 29.Ne2 Bg7
30.Qe3 Qa5 31.Nf4 Bd4 32.Qd3 Qe1+ 33.Qf1 Bxf2+ 34.Kg2 Qxf1+ 35.Kxf1 Bd4 36.Nd3 Bxe4
37.Nxc5 Bxc2  1/2-1/2

[Event "Oberliga Bayern9798"]
[Site "Bayern"]
[Date "1998.??.??"]
[Round "?"]
[White "Bromberger, Stefan"]
[Black "Linhart, Wolfgang"]
[Result "1/2-1/2"]
[WhiteElo "2240"]
[BlackElo "2170"]

1.d4 Nf6 2.c4 g6 3.Nc3 d5 4.cxd5 Nxd5 5.e4 Nxc3 6.bxc3 Bg7 7.Nf3 O-O 8.Be2 c5
9.Rb1 b6 10.O-O Bb7 11.Qd3 Ba6 12.Qe3 Bxe2 13.Qxe2 cxd4 14.cxd4 Qd7 15.d5 Re8
16.Rd1 e6 17.dxe6 Qxe6 18.Ba3 Bf8 19.Bxf8 Rxf8 20.Nd4 Qe5 21.Rb5 Qe8 22.Rd5 Qc8
23.Qe3 Na6 24.Nf5 Qe6 25.Rd6 Qe5 26.Nh6+ Kh8 27.Ng4 Qg7 28.Nf6 Nc5 29.e5 Rac8
30.R6d4 Ne6 31.Rh4 Rfd8 32.Rxd8+ Rxd8 33.h3 h5 34.Ra4 a5 35.Qxb6 Qh6 36.f4 Kg7
37.Kh2 Rc8 38.Qb7 Rd8 39.Qe7 Ra8 40.Ne8+ Kg8 41.Nf6+ Kg7 42.Nd5 Kg8 43.Qf6 Qg7
44.f5 Nc5 45.Rc4 Nd7 46.Qxg7+ Kxg7 47.e6 Nf6 48.Nc7 Rb8 49.e7 Ne8 50.Rc6 gxf5
51.Kg3 Nxc7 52.Rxc7 Re8 53.a4 Kf6 54.Kf4 Rb8 55.h4 Rb4+ 56.Kf3 Re4 57.Ra7 Re5
58.Rxa5 Rxe7 59.Ra6+ Ke5 60.Rb6 Rc7 61.Rb5+ Kf6 62.a5 Rc3+ 63.Kf2 Ra3 64.Rb6+ Ke5
65.a6 f4 66.Rb5+ Ke4 67.Rxh5 Ra2+ 68.Kg1 Rxa6 69.Rh7 f6 70.Re7+ Kf5 71.h5 Kg5
72.Rg7+ Kxh5 73.Kf2 Ra5 74.Kf3 Rg5 75.Rxg5+ fxg5 76.g3 fxg3 77.Kxg3 g4  1/2-1/2

[Event "Landesliga Nord 9899"]
[Site "Bayern"]
[Date "1998.??.??"]
[Round "?"]
[White "Stauch, Edgar"]
[Black "Reis, Gerhard"]
[Result "0-1"]
[WhiteElo "2060"]
[BlackElo "2230"]

1.d4 Nf6 2.c4 g6 3.Nc3 d5 4.cxd5 Nxd5 5.e4 Nxc3 6.bxc3 Bg7 7.Nf3 O-O 8.Rb1 c5
9.Qd2 b6 10.d5 e6 11.c4 exd5 12.exd5 Re8+ 13.Kd1 Nd7 14.Bd3 Nf6 15.Re1 Bd7
16.Bb2 Ba4+ 17.Bc2 Qd7 18.Ne5 Qf5 19.Nd3 Ne4 20.Qf4 Nc3+  0-1

[Event "Beersheba-St Petersburg"]
[Site "Beersheba"]
[Date "1998.??.??"]
[Round "3"]
[White "Ivanov, Sergey"]
[Black "Tseitlin, Mark D"]
[Result "1/2-1/2"]
[WhiteElo "2570"]
[BlackElo "2515"]

1.d4 Nf6 2.c4 g6 3.Nc3 d5 4.cxd5 Nxd5 5.e4 Nxc3 6.bxc3 Bg7 7.Nf3 c5 8.Rb1 O-O
9.Be2 Nc6 10.d5 Ne5 11.Nxe5 Bxe5 12.Qd2 e6 13.f4 Bc7 14.O-O exd5 15.exd5 Ba5
16.Ba3 b6 17.Bb5 Qf6 18.Bb2 Bf5 19.Rbd1 a6 20.Bc6 Rad8 21.c4 Qxc6 22.Qxa5 bxa5
23.dxc6 Rc8 24.Rd6 Be4 25.Re1 Rxc6 26.Rxc6 Bxc6 27.Re7 Re8 28.Rc7 Bxg2 29.Rxc5 Bh3
30.Kf2 Rc8 31.Rxc8+  1/2-1/2

[Event "Biel op"]
[Site "Biel"]
[Date "1998.??.??"]
[Round "10"]
[White "Liardet, Fabrice"]
[Black "Gurieli, Nino"]
[Result "0-1"]
[WhiteElo "2355"]
[BlackElo "2385"]

1.d4 Nf6 2.c4 g6 3.Nc3 d5 4.cxd5 Nxd5 5.e4 Nxc3 6.bxc3 Bg7 7.Bc4 c5 8.Ne2 cxd4
9.cxd4 Nc6 10.Be3 Qa5+ 11.Bd2 Qd8 12.Bc3 O-O 13.O-O a6 14.Rc1 Bg4 15.f3 Bd7
16.d5 Ne5 17.Bb3 Bb5 18.Kh1 a5 19.a4 Ba6 20.Qd2 Nd3 21.Rb1 Qb6 22.Bxg7 Kxg7
23.h3 Rac8 24.Ng3 Qc7 25.f4 Qc3 26.Qxc3+ Rxc3 27.Rf3 Rfc8 28.e5 Nxf4 29.Rxf4 Rxg3
30.d6 e6 31.Rd4 Re3 32.Bd1 Re1+ 33.Kh2 Rd8 34.Rc1 Rxe5 35.Bf3 Re3 36.Rc7 e5
37.Rd2 e4 38.Bd1 Rd3 39.Rxd3 exd3 40.d7 Kf6 41.Kg3 Ke7 42.Rc5 Rxd7 43.Rxa5 f6
44.Rc5 Kd6 45.Rc8 Rc7 46.Rd8+ Kc5 47.Kf4 Kb4 48.Rd6 f5 49.Kg5 Kc3 50.h4 d2
51.Rd8 Bd3 52.a5 Bc2 53.Bf3 Be4 54.Be2 Bxg2 55.h5 Re7 56.hxg6 hxg6  0-1

[Event "Bled op"]
[Site "Bled"]
[Date "1998.??.??"]
[Round "6"]
[White "Nikolov, Sasho"]
[Black "Rowson, Jonathan"]
[Result "0-1"]
[WhiteElo "2415"]
[BlackElo "2485"]

1.d4 Nf6 2.c4 g6 3.Nc3 d5 4.cxd5 Nxd5 5.e4 Nxc3 6.bxc3 Bg7 7.Bb5+ c6 8.Ba4 O-O
9.Ne2 Nd7 10.O-O e5 11.Be3 Qe7 12.Qc2 Kh8 13.Rad1 Nb6 14.Bb3 exd4 15.cxd4 f5
16.d5 Qxe4 17.Qxe4 fxe4 18.dxc6 bxc6 19.Bc5 Ba6 20.Bxf8 Bxf8 21.Rd2 Bh6 22.Rb2 c5
23.Re1 Bd3 24.a4 Bg7 25.Ra2 c4 26.Bc2 Nd5 27.Rb1 a5  0-1

[Event "Bled op-B"]
[Site "Bled"]
[Date "1998.??.??"]
[Round "9"]
[White "Saxer, Bernhard"]
[Black "Zvan, Ziga"]
[Result "0-1"]
[WhiteElo "1820"]
[BlackElo "2095"]

1.d4 Nf6 2.c4 g6 3.Nc3 d5 4.cxd5 Nxd5 5.e4 Nxc3 6.bxc3 Bg7 7.Bc4 c5 8.Nf3 O-O
9.O-O Nc6 10.Be3 cxd4 11.cxd4 Bg4 12.e5 Bxf3 13.gxf3 e6 14.Qd2 Qh4 15.Be2 Rad8
16.f4 Bh6 17.f5 Rxd4 18.Qc3 exf5 19.Bxd4 Nxd4 20.Bd1 Bf4 21.h3 Bxe5 22.Qe3 Qf6
23.Rb1 f4 24.Qe4 f3 25.Rxb7 Re8 26.Kh1 h5 27.Bb3 Rf8 28.Rg1 Kg7 29.Bc4 a5
30.Bd3 Kh8 31.Rxf7 Rxf7 32.Rxg6 Qf4 33.Qa8+ Rf8 34.Qb7 Qh2+  0-1

[Event "NLD-chT f"]
[Site "Breda"]
[Date "1998.??.??"]
[Round "?"]
[White "Piket, Jeroen"]
[Black "Sokolov, Ivan"]
[Result "1/2-1/2"]
[WhiteElo "2575"]
[BlackElo "2625"]

1.d4 Nf6 2.c4 g6 3.Nc3 d5 4.cxd5 Nxd5 5.e4 Nxc3 6.bxc3 Bg7 7.Be3 c5 8.Rc1 Qa5
9.Qd2 O-O 10.Nf3 cxd4 11.cxd4 Qxd2+ 12.Nxd2 e6 13.Nb3 b6 14.f3 Ba6 15.Bd2 Rd8
16.Bc4 Bf8 17.Bg5 Rd7 18.a4 Bxc4 19.Rxc4 Na6 20.Ke2 Kg7 21.Rhc1 f6 22.Bf4 Rad8
23.Rc8 Kf7 24.g4 Bd6 25.Bxd6 Rxd6 26.h4 Ke7 27.g5 f5 28.R1c4 Rxc8 29.Rxc8 Rd8
30.Rc4 fxe4 31.fxe4 Rf8 32.Ke3 Kd7 33.Nd2 Nb8 34.e5 h6 35.gxh6  1/2-1/2

[Event "Bucharest Fest GM"]
[Site "Bucharest"]
[Date "1998.??.??"]
[Round "?"]
[White "Dumitrache, Dragos"]
[Black "Vokarev, Sergey"]
[Result "1/2-1/2"]
[WhiteElo "2420"]
[BlackElo "2480"]

1.d4 Nf6 2.c4 g6 3.Nc3 d5 4.cxd5 Nxd5 5.e4 Nxc3 6.bxc3 Bg7 7.Be3 c5 8.Qd2 cxd4
9.cxd4 Nc6 10.Rd1 O-O 11.d5 Qa5 12.Qxa5 Nxa5 13.Bd2 b6 14.Nf3 e6 15.Bb5 exd5
16.Bxa5 dxe4 17.Bb4 exf3 18.gxf3 Be6 19.Bxf8 Bxf8 20.a4 a6 21.Bc6 Rc8 22.Bd7 Bb4+
23.Kf1 Bxd7 24.Rxd7 Rc4 25.Kg2 a5 26.Re1 Rc2 27.Red1 Bc5 28.R1d2 Rc4 29.Ra2 h5
30.Rd8+ Kg7 31.Re8 f5 32.Re6 Kf7 33.Rc6 Rd4 34.h3 g5 35.Kf1 g4 36.fxg4 fxg4
37.Kg2 gxh3+ 38.Kxh3 Rd3+ 39.Kg2 Kg7 40.Re2 h4 41.f3 Ra3 42.Re4 h3+ 43.Kxh3 Rxf3+
44.Kg4 Rf6 45.Ree6 Rf7 46.Rc8 Rd7 47.Kf5 Rd5+ 48.Re5 Rxe5+ 49.Kxe5 Kf7 50.Kd5 Ke7
51.Kc6 Bg1 52.Rc7+ Ke6 53.Rg7 Bc5 54.Rh7 Ke5 55.Rh6 Kd4 56.Re6 Kc4 57.Re4+ Kb3
58.Kb5 Kc3 59.Rh4 Kd3 60.Rc4 Bd4 61.Rc6 Bc5 62.Rc8 Kd4 63.Rh8  1/2-1/2

[Event "Bucharest Fest IM (Women)"]
[Site "Bucharest"]
[Date "1998.??.??"]
[Round "?"]
[White "Barasiant, Mariana"]
[Black "Andreescu, Nicoleta Aurora"]
[Result "1/2-1/2"]
[WhiteElo "2000"]
[BlackElo "2080"]

1.d4 Nf6 2.c4 g6 3.Nc3 d5 4.cxd5 Nxd5 5.e4 Nxc3 6.bxc3 Bg7 7.Bc4 c5 8.Be3 O-O
9.Ne2 Nc6 10.O-O Bg4 11.f3 Na5 12.Bd5 cxd4 13.cxd4 Bc8 14.Rb1 e6 15.Bb3 b6
16.Qd2 Ba6 17.Rfd1 Rc8 18.Nf4 Bb7 19.d5 Nxb3 20.Rxb3 exd5 21.Nxd5 Bxd5 22.Qxd5 Qc7
23.Rc1 Qe7 24.Rd3 Rxc1+ 25.Bxc1 Rc8 26.Ba3 Qc7 27.Qd7 Qc4 28.Qd5 Qc7 29.Qd7 Qc4
30.Qd5  1/2-1/2

[Event "Bucharest Cup IM"]
[Site "Bucharest"]
[Date "1998.??.??"]
[Round "?"]
[White "Tugui, Adrian"]
[Black "Ionescu, Doru Alexandru"]
[Result "1/2-1/2"]
[WhiteElo "2295"]
[BlackElo "2250"]

1.d4 Nf6 2.c4 g6 3.Nc3 d5 4.cxd5 Nxd5 5.e4 Nxc3 6.bxc3 Bg7 7.Nf3 O-O 8.Be2 c5
9.Rb1 cxd4 10.cxd4 b6 11.O-O Bb7 12.d5 Nd7 13.Ba3 Re8 14.Bb5 Rf8 15.d6 Nc5
16.Bxc5 bxc5 17.dxe7 Qxe7 18.Re1 Rfd8 19.Qb3 Rab8 20.Bc4 h6 21.e5 Kh7 22.Qe3 Bc6
23.h4 Rxb1 24.Rxb1 Qd7 25.e6 fxe6 26.h5 Qf7 27.Nh4 Qf6 28.Nxg6 Qf5 29.Re1 Qg4
30.Bf1 Rd4 31.Ne5 Bxe5 32.Qxe5 Bd5 33.Qc7+ Qg7 34.Qxc5 Rg4 35.f3 Rg5 36.Rb1 Qf6
37.Bd3+ Kg7 38.Qc7+ Qf7 39.Qxf7+ Kxf7 40.a4 Bxf3 41.Bf1 Bc6 42.Ra1 Ra5 43.Be2 Rxa4
44.Rxa4 Bxa4 45.Kf2 Kf6 46.g4 Kg5 47.Ke3 Bc6 48.Kd4 Kf4 49.g5  1/2-1/2

[Event "Budapest Nyar-A"]
[Site "Budapest"]
[Date "1998.??.??"]
[Round "4"]
[White "Tolnai, Tibor"]
[Black "Gyimesi, Zoltan"]
[Result "1/2-1/2"]
[WhiteElo "2560"]
[BlackElo "2525"]

1.d4 Nf6 2.c4 g6 3.Nc3 d5 4.cxd5 Nxd5 5.e4 Nxc3 6.bxc3 Bg7 7.Bc4 c5 8.Ne2 O-O
9.O-O cxd4 10.cxd4 Nc6 11.Be3 Bg4 12.f3 Na5 13.Bxf7+ Rxf7 14.fxg4 Rxf1+ 15.Kxf1 Qd6  1/2-1/2

[Event "Budapest Nyar-B"]
[Site "Budapest"]
[Date "1998.??.??"]
[Round "4"]
[White "Neumann, Peter"]
[Black "Feher, Gyula"]
[Result "1-0"]
[WhiteElo "2365"]
[BlackElo "2445"]

1.d4 Nf6 2.c4 g6 3.Nc3 d5 4.cxd5 Nxd5 5.e4 Nxc3 6.bxc3 Bg7 7.Bc4 c5 8.Ne2 Nc6
9.Be3 O-O 10.Rc1 cxd4 11.cxd4 Qa5+ 12.Kf1 Bg4 13.f3 Bd7 14.h4 Rad8 15.h5 Bc8
16.hxg6 hxg6 17.Bd2 Qa3 18.Qe1 e6 19.Qh4 f6 20.Nf4 Nxd4 21.Qh7+ Kf7 22.Qxg6+ Kg8
23.Rh7 Rf7 24.Nh5  1-0

[Event "Budapest FS09 IM-A"]
[Site "Budapest"]
[Date "1998.??.??"]
[Round "5"]
[White "Jagodzinski, Andreas"]
[Black "Vadasz, Laszlo"]
[Result "1/2-1/2"]
[WhiteElo "2215"]
[BlackElo "2350"]

1.d4 Nf6 2.c4 g6 3.Nc3 d5 4.cxd5 Nxd5 5.e4 Nxc3 6.bxc3 Bg7 7.Nf3 O-O 8.Rb1 c5
9.Be2 b6 10.O-O Bb7 11.Qd3 Ba6 12.Qe3 Bxe2  1/2-1/2

[Event "Budapest Nyar-B"]
[Site "Budapest"]
[Date "1998.??.??"]
[Round "9"]
[White "Petran, Pal"]
[Black "Szeberenyi, Adam"]
[Result "1/2-1/2"]
[WhiteElo "2395"]
[BlackElo "2230"]

1.d4 Nf6 2.c4 g6 3.Nc3 d5 4.cxd5 Nxd5 5.e4 Nxc3 6.bxc3 Bg7 7.Bc4 O-O 8.Ne2 c5
9.Be3 Nc6 10.O-O Bg4 11.f3 Bd7 12.Qd2 Rc8 13.Rab1 Na5 14.Bd3 e5 15.d5  1/2-1/2

[Event "Cap d'Agde op"]
[Site "Cap d'Agde"]
[Date "1998.??.??"]
[Round "5"]
[White "Oms Pallise, Josep"]
[Black "Finkel, Alexander"]
[Result "0-1"]
[WhiteElo "2415"]
[BlackElo "2500"]

1.d4 Nf6 2.c4 g6 3.Nc3 d5 4.cxd5 Nxd5 5.e4 Nxc3 6.bxc3 Bg7 7.Bb5+ c6 8.Ba4 e5
9.Ne2 O-O 10.O-O Re8 11.f3 Nd7 12.Be3 Qc7 13.Qc2 b5 14.Bb3 c5 15.dxc5 Nxc5
16.Bd5 Rb8 17.c4 b4 18.Nc1 a5 19.Qf2 Bf8 20.Nb3 Nd3 21.Qd2 Nf4 22.g3 Ne6
23.f4 a4 24.Nc1 exf4 25.gxf4 Bb7 26.Nd3 Nc5 27.Nxc5 Bxc5 28.Qf2 Bxe3 29.Qxe3 Bxd5
30.cxd5 Qc4 31.Rfe1 f5 32.e5 Qxd5 33.Rad1 Qb7 34.Rd6 b3 35.axb3 axb3 36.Rb1 Rec8
37.e6 Rc2  0-1

[Event "Copenhagen-ch"]
[Site "Copenhagen"]
[Date "1998.??.??"]
[Round "3"]
[White "Holm Petersen, Sejer"]
[Black "Brinck Claussen, Bjorn"]
[Result "0-1"]
[WhiteElo "2360"]
[BlackElo "2320"]

1.d4 Nf6 2.c4 g6 3.Nc3 d5 4.cxd5 Nxd5 5.e4 Nxc3 6.bxc3 Bg7 7.Bb5+ c6 8.Be2 c5
9.Nf3 Nc6 10.Be3 cxd4 11.cxd4 Qa5+ 12.Bd2 Qa3 13.d5 Ne5 14.Nxe5 Bxe5 15.Bb5+ Bd7
16.Bxd7+ Kxd7 17.Rb1 Rhb8 18.Qc2 Qa6 19.f4 Bd4 20.Rf1 Rc8 21.Qb3 Bb6 22.Rf3 Rc4
23.Qd3 Qxa2 24.e5 Rd4 25.Qb5+ Kd8 26.Rd3 Re4+ 27.Kf1 Rxf4+ 28.Ke1 Re4+ 29.Kf1 Rxe5
30.g4 Rc8 31.Rd1 Qc4 32.Qxc4 Rxc4 33.h3 Kd7 34.Bc3 Re3 35.Be5 Rxe5  0-1

[Event "CZE-chT2V 9899"]
[Site "CZE"]
[Date "1998.??.??"]
[Round "?"]
[White "Vacek, Radomir"]
[Black "Krupkova, Petra"]
[Result "0-1"]
[WhiteElo "2255"]
[BlackElo "2315"]

1.d4 Nf6 2.c4 g6 3.Nc3 d5 4.cxd5 Nxd5 5.e4 Nxc3 6.bxc3 Bg7 7.Nf3 c5 8.Rb1 O-O
9.Be3 Qa5 10.Qd2 b6 11.Bd3 Rd8 12.Rb5 Qa4 13.Rb2 Bb7 14.O-O cxd4 15.cxd4 Nc6
16.Bb5 Qa3 17.Rb3 Qd6 18.Bxc6 Qxc6 19.d5 Qd7 20.Bg5 f6 21.Bh6 e6 22.Rd1 exd5
23.Rd3 Bxh6 24.Qxh6 Qe6 25.e5 fxe5 26.Ng5 Qe7 27.Rg3 Rd7 28.Nxh7 Qxh7 29.Rxg6+ Rg7
30.Rxg7+ Qxg7 31.Qe6+ Qf7 32.Qg4+ Kf8 33.Rd3 Rc8 34.Qb4+ Qe7 35.Rf3+ Ke8
36.Qa4+ Bc6 37.Qg4 Kd8 38.Qh5 Be8 39.Qh6 Rc6 40.Qd2 Kc8 41.h3 d4  0-1

[Event "CZE-chT 9899"]
[Site "CZE"]
[Date "1998.??.??"]
[Round "2"]
[White "Stocek, Jiri"]
[Black "Oral, Tomas"]
[Result "1-0"]
[WhiteElo "2450"]
[BlackElo "2455"]

1.d4 Nf6 2.c4 g6 3.Nc3 d5 4.cxd5 Nxd5 5.e4 Nxc3 6.bxc3 Bg7 7.Bc4 O-O 8.Ne2 b6
9.h4 Nc6 10.Bd5 Qd7 11.h5 e6 12.Bb3 Ba6 13.hxg6 hxg6 14.Nf4 Rfe8 15.Rh3 Na5
16.Qg4 Qc6 17.Nxg6 f5 18.Qh5 Qxe4+ 19.Be3 Nxb3 20.axb3 e5 21.O-O-O Qc6 22.Qh7+ Kf7
23.Nxe5+ Rxe5 24.Bh6 Rg8 25.dxe5  1-0

[Event "Moravia-chT 9798"]
[Site "CZE"]
[Date "1998.??.??"]
[Round "5.7"]
[White "Buran, Jaroslav"]
[Black "Smistik, Milan"]
[Result "0-1"]
[WhiteElo "2230"]
[BlackElo "2105"]

1.d4 Nf6 2.c4 g6 3.Nc3 d5 4.cxd5 Nxd5 5.e4 Nxc3 6.bxc3 Bg7 7.Nf3 c5 8.Bb5+ Nc6
9.d5 Qa5 10.Rb1 a6 11.Bxc6+ bxc6 12.dxc6 Qxa2 13.c7 O-O 14.Rb8 Bxc3+ 15.Bd2 Bxd2+
16.Qxd2 Qxd2+ 17.Kxd2 Ra7 18.Ne5 Rxc7 19.Rc1 Be6 20.Rxf8+ Kxf8 21.Ra1 f6
22.Nd3 Bc4 23.Rc1 Bxd3 24.Kxd3 Ke8 25.Ra1 Rc6 26.Kc4 Kd7 27.Ra2 g5 28.Ra3 h5
29.h4 g4 30.f3 Ke6 31.Rd3 g3 32.f4 Rd6 33.Re3 Rd2 34.Rxg3 Rf2 35.f5+ Ke5
36.Kxc5 Kxe4 37.Rg7 Rxf5+ 38.Kb6 e5 39.Kxa6 Rf4 40.g3 Rf1 41.Kb5 f5 42.Rg5 f4
43.gxf4 exf4 44.Rg8 f3 45.Re8+ Kf4 46.Rf8+ Kg3 47.Kc4 Rc1+ 48.Kd3 f2 49.Ke2 Re1+  0-1

[Event "Moravia-chT 9798"]
[Site "CZE"]
[Date "1998.??.??"]
[Round "7.3"]
[White "Bazant, Petr"]
[Black "Walek, Milan"]
[Result "1/2-1/2"]
[WhiteElo "2330"]
[BlackElo "2325"]

1.d4 Nf6 2.c4 g6 3.Nc3 d5 4.cxd5 Nxd5 5.e4 Nxc3 6.bxc3 Bg7 7.Be3 O-O 8.Qd2 c5
9.Nf3 Nc6 10.Bh6 cxd4 11.Bxg7 Kxg7 12.cxd4 Bg4 13.d5 Bxf3 14.gxf3 Ne5 15.Be2 Rc8
16.O-O f6 17.f4 Nf7 18.Rab1 b6 19.Rb3 Rc5 20.Rc1 Nd6 21.f3 Qc7 22.Rbc3 Rc8
23.Rxc5 bxc5 24.Ba6 Rb8 25.Bf1 Qb6 26.Qf2 Rc8 27.e5 Nf5 28.Bh3 c4 29.Bxf5 gxf5
30.Kf1 Qxf2+ 31.Kxf2 fxe5 32.fxe5 Rc5 33.d6 exd6 34.exd6 Kf7 35.Re1 c3 36.Re7+ Kf6
37.Rc7 Rd5 38.Rxc3 Rxd6 39.Ra3 a6 40.Kg3 Kg5 41.Ra5 Rc6 42.Rd5 Rc4 43.Ra5 Rc6
44.h4+ Kf6 45.a3 h6 46.Rd5 Ke6 47.Rd8 Ke5 48.Re8+ Kf6 49.Rf8+ Kg6 50.Rb8 Kf6
51.a4 Ke5 52.h5 Kf6 53.Rf8+  1/2-1/2

[Event "Moravia-chT 9798"]
[Site "CZE"]
[Date "1998.??.??"]
[Round "10.4"]
[White "Sobek, Jaroslav"]
[Black "Bolacky, Jiri"]
[Result "1-0"]
[WhiteElo "2245"]
[BlackElo "2185"]

1.d4 Nf6 2.c4 g6 3.Nc3 d5 4.cxd5 Nxd5 5.e4 Nxc3 6.bxc3 Bg7 7.Bc4 c5 8.Ne2 Nc6
9.Be3 cxd4 10.cxd4 O-O 11.O-O Bg4 12.f3 Na5 13.Bxf7+ Rxf7 14.fxg4 Rxf1+ 15.Kxf1 Qd7
16.g5 Qe6 17.Qd3 Nc4 18.Bf2 b5 19.Kg1 Nd6 20.e5 Qc4 21.Qxc4+ Nxc4 22.Nc3 Rb8
23.Rc1 Rb7 24.h4 b4 25.Nd5 Nb2 26.Rc8+ Kf7 27.Nf4 e6 28.Rc6 a5 29.Nxe6 Ra7
30.Nf4 a4 31.d5 Ra8 32.Bd4 a3 33.Rc7+ Kg8 34.Ne6 Bh8 35.Nc5 Nc4 36.Nd3 Nd6
37.Ba1 Nf7 38.d6 Nxd6 39.exd6 Bxa1 40.d7 Bd4+ 41.Kh2 Rf8 42.Rc8 Bb6 43.Nxb4 Kf7
44.Nc6  1-0

[Event "POL-ch sf"]
[Site "Czestochowa"]
[Date "1998.??.??"]
[Round "1"]
[White "Kaczorowski, Piotr"]
[Black "Palus, Ryszard"]
[Result "1/2-1/2"]
[WhiteElo "2200"]
[BlackElo "2375"]

1.d4 Nf6 2.c4 g6 3.Nc3 d5 4.cxd5 Nxd5 5.e4 Nxc3 6.bxc3 Bg7 7.Nf3 c5 8.Rb1 O-O
9.Be2 cxd4 10.cxd4 Qa5+ 11.Qd2 Qxd2+ 12.Bxd2 b6 13.O-O Bb7 14.d5 Rc8 15.Rfc1 Na6
16.Be3 h6 17.Bb5 Rxc1+ 18.Rxc1 Rc8 19.Rxc8+ Bxc8 20.Nd4 Nb8 21.f4 Kf8 22.Kf2 h5
23.e5 Bb7 24.Nc6 Nxc6 25.dxc6 Bc8 26.c7 e6 27.Ke2 f6 28.Bd4 fxe5 29.Bxe5 Bh6
30.h4 Kf7 31.Bd6 Bg7 32.Kd3 Bb2 33.Bc6 Bf6 34.g3 Bb2 35.Kc4 Bc1 36.Kd3 Bb2
37.Kd2 Bd4 38.Ke2 Bc3 39.Be4 Bd4 40.Kf3 Bc3 41.Kg2 Be1 42.Bd3 Kf6 43.Be5+ Kf7
44.Bb5 Bb4 45.Bc6 Be7 46.Kh3 Bb4 47.g4 Be7 48.Bf3 hxg4+ 49.Kxg4 a6 50.h5 gxh5+
51.Kxh5 b5 52.Bc6 Ba3 53.Kg5 Be7+ 54.Kg4 Bc5 55.Be4 Ke7 56.Bc6 Kf7 57.Kf3 Ke7
58.Ke4 Bb6 59.Kd3 Ba5 60.Kc2 Bb6 61.Kb2 Ba5 62.Kb3 Bd2 63.a3 Ba5 64.a4 bxa4+
65.Kxa4 Bd2 66.Kb3 Ba5 67.Kc2 Bb6 68.Kc3 Ba5+ 69.Kd3 Bb6 70.Kc4 Be3 71.Be4 Bb6
72.Bc2 Be3 73.Bd1 Bb6 74.Ba4 Be3 75.Kb4 Bb6 76.Bc6 Be3 77.Kc3 Bb6 78.Kd3 Ba5
79.Kd4 Bb6+ 80.Ke4 Ba5 81.Kf3 Bb4 82.Kg4 Kf7 83.Kh5 Ba5 84.Kg5 Bb6 85.Bd6 Bd4
86.Ba4 Bf6+ 87.Kh5 Be7 88.Be5 Bc5 89.Bb3 Ke7 90.Kg6 Bd6 91.Ba4 Bb4 92.Kg7 Bc5
93.Kg6 Bb4 94.Kg5 Bc5 95.Kg6  1/2-1/2

[Event "POL-ch sf"]
[Site "Czestochowa"]
[Date "1998.??.??"]
[Round "3"]
[White "Jedynak, Radoslaw"]
[Black "Palus, Ryszard"]
[Result "1-0"]
[WhiteElo "2220"]
[BlackElo "2375"]

1.d4 Nf6 2.c4 g6 3.Nc3 d5 4.cxd5 Nxd5 5.e4 Nxc3 6.bxc3 Bg7 7.Nf3 c5 8.Rb1 O-O
9.Be2 cxd4 10.cxd4 Qa5+ 11.Bd2 Qxa2 12.O-O Na6 13.Qc1 Qe6 14.Re1 Qd6 15.Bf4 Qd8
16.Qa3 e6 17.Red1 f6 18.Bc4 Kh8 19.e5 Nc7 20.exf6 Rxf6 21.Be5 Rf7 22.h4 Nd5
23.Ng5 Rf8 24.Bxg7+ Kxg7 25.Bxd5 exd5 26.Rxb7+ Kg8 27.Rxh7 Qf6 28.Qe3 Bg4
29.Re1 a5 30.Qg3 a4 31.Ree7 a3 32.Reg7+ Qxg7 33.Rxg7+ Kxg7 34.Qc7+  1-0

[Event "POL-ch sf"]
[Site "Czestochowa"]
[Date "1998.??.??"]
[Round "4"]
[White "Kempa, Stefan"]
[Black "Palus, Ryszard"]
[Result "1/2-1/2"]
[WhiteElo "2145"]
[BlackElo "2375"]

1.d4 Nf6 2.c4 g6 3.Nc3 d5 4.cxd5 Nxd5 5.e4 Nxc3 6.bxc3 Bg7 7.Bc4 c5 8.Ne2 O-O
9.O-O Nc6 10.dxc5 Qc7 11.h3 Ne5 12.Bf4 Qxc5 13.Bb3 e6 14.Be3 Qc6 15.f3 Nc4
16.Bf2 a6 17.Nd4 Qc7 18.Qe2 b5 19.Bxc4 bxc4 20.Rab1 e5 21.Nc2 Be6 22.Rb6 Rfd8
23.Nb4 Bh6 24.Nxa6 Qc8 25.Nb4 Ra3 26.Nc6 Re8 27.Qb2 Qa8 28.Ra1 Bf8 29.Nxe5 Qa5
30.Bd4 Bc5 31.Nc6 Qxb6 32.Qxa3 Bxa3 33.Bxb6 Bb2 34.Rb1 Bxc3 35.Nd4 Rb8 36.Nc6 Ra8
37.Rd1 Rxa2 38.Be3 Ra1 39.Rc1 Rxc1+ 40.Bxc1 Bd7 41.Ne7+ Kf8 42.Nd5 Bd4+ 43.Kf1 c3
44.Ke1 f5 45.Ba3+ Kf7 46.Bb4 c2 47.Kd2 fxe4 48.fxe4 Ba4 49.Bc3 Bc5 50.Bb2 Bf8
51.Bc1 Bh6+ 52.Ne3 Bf4 53.Kd3 Ke6 54.Bd2 g5 55.Nxc2 Bb5+ 56.Kc3 Ke5 57.Bxf4+ gxf4
58.Nd4 Ba6 59.Nf3+ Kxe4 60.Kd2 Bf1 61.Nh4 Bd3 62.Nf3 h6 63.Nh4 Bc4 64.Ke1 Bd5
65.Kf2 Bf7 66.g4 fxg3+ 67.Kxg3  1/2-1/2

[Event "POL-ch sf"]
[Site "Czestochowa"]
[Date "1998.??.??"]
[Round "8"]
[White "Weglarz, Leszek"]
[Black "Kosiorek, Marek"]
[Result "1-0"]
[WhiteElo "2395"]
[BlackElo "2360"]

1.d4 Nf6 2.c4 g6 3.Nc3 d5 4.cxd5 Nxd5 5.e4 Nxc3 6.bxc3 Bg7 7.Nf3 c5 8.Rb1 O-O
9.Be2 cxd4 10.cxd4 Qa5+ 11.Qd2 Qxd2+ 12.Bxd2 b6 13.O-O e6 14.Rfc1 Bb7 15.Bb4 Rd8
16.Bb5 Bf8 17.Bxf8 Rxf8 18.Rc7 Bxe4 19.Rbc1 Bxf3 20.gxf3 a5 21.a3 e5 22.dxe5 Na6
23.Bxa6 Rxa6 24.Rb7 Raa8 25.Rxb6 Rfc8 26.Rxc8+ Rxc8 27.Rb5 a4 28.Rb4 Ra8
29.Kg2 Ra5 30.f4 g5 31.fxg5 Rxe5 32.h4 Ra5 33.Kg3 Kg7 34.Kg4 h6 35.f4 Ra7
36.f5 hxg5 37.hxg5 Ra8 38.Rb7 Kg8 39.Kh5 Rc8 40.g6  1-0

[Event "Decin op-A"]
[Site "Decin"]
[Date "1998.??.??"]
[Round "4"]
[White "Solodovnichenko, Yuri"]
[Black "Turov, Maxim"]
[Result "0-1"]
[WhiteElo "2415"]
[BlackElo "2460"]

1.d4 Nf6 2.c4 g6 3.Nc3 d5 4.cxd5 Nxd5 5.e4 Nxc3 6.bxc3 Bg7 7.Nf3 O-O 8.Rb1 c5
9.Be2 b6 10.O-O Bb7 11.Qd3 Ba6 12.Qe3 cxd4 13.cxd4 Qd7 14.Bxa6 Nxa6 15.Qa3 Nc7
16.d5 f5 17.Bb2 fxe4 18.Bxg7 exf3 19.Bxf8 Rxf8 20.Rb3 fxg2 21.Re1 Qf5 22.Qb2 Nxd5
23.Re5 Qd7 24.Qd4 e6 25.Rbe3 Qf7 26.R3e4 Qf3 27.Rxd5 exd5 28.Re7 Qf6 29.Qxd5+ Kh8
30.Re2 Rd8 31.Qb5 Kg7 32.Rc2 Kh6 33.Qe2 Qd4 34.Kxg2 Rd5 35.Rc4 Rg5+ 36.Kh3 Qd7+
37.Kh4 Rh5+ 38.Kg3 Qh3+  0-1